[Event "Nittenau-ch op 15th"]
[Site "Nittenau"]
[Date "2015.09.20"]
[Round "5"]
[White "Brunner, Tobias"]
[Black "Hilburger, Johannes"]
[Result "1/2-1/2"]
[WhiteElo "1639"]
[BlackElo "1747"]
[PlyCount "34"]
[EventDate "2015.09.18"]
[EventType "swiss"]
[EventRounds "5"]
[EventCountry "GER"]
[SourceTitle "EXT 2017"]
[Source "ChessBase"]
[SourceDate "2016.10.25"]
[SourceVersion "1"]
[SourceVersionDate "2016.10.25"]
[SourceQuality "1"]

1. e4 c6 2. d4 d5 3. exd5 cxd5 4. Bd3 Nf6 5. c3 Bg4 6. Nf3 Nc6 7. Bf4 e6 8. Nbd2 Bd6 9. Bg5 0-0 10. Qc2 Rc8 11. Qb1 h6 12. Be3 e5 13. dxe5 Nxe5 14. Nxe5 Bxe5 15. h3 Be6 16. Nf3 Bb8 17. Nd4 Qd7 1/2-1/2

[Event "Nittenau-ch op 15th"]
[Site "Nittenau"]
[Date "2015.09.20"]
[Round "4"]
[White "Hilburger, Johannes"]
[Black "Bruell, Elias"]
[Result "1-0"]
[WhiteElo "1747"]
[BlackElo "1717"]
[PlyCount "73"]
[EventDate "2015.09.18"]
[EventType "swiss"]
[EventRounds "5"]
[EventCountry "GER"]
[SourceTitle "EXT 2017"]
[Source "ChessBase"]
[SourceDate "2016.10.25"]
[SourceVersion "1"]
[SourceVersionDate "2016.10.25"]
[SourceQuality "1"]

1. c4 e5 2. Nc3 Nf6 3. Nf3 Nc6 4. d4 exd4 5. Nxd4 Ne5 6. Bg5 Bb4 7. Qb3 Ba5 8. f4 Ng6 9. 0-0-0 Bxc3 10. Qxc3 h6 11. Qe3+ Qe7 12. Qxe7+ Nxe7 13. Bxf6 gxf6 14. Nb5 Kd8 15. g3 Nf5 16. e4 Ne3 17. Re1 Nxf1 18. Rhxf1 d6 19. e5 fxe5 20. fxe5 a6 21. Nc3 Be6 22. exd6 Bxc4 23. Rf4 Be6 24. Rd1 cxd6 25. Rxd6+ Kc7 26. Rdd4 Rad8 27. Kd2 Rxd4+ 28. Rxd4 Rd8 29. Rxd8 Kxd8 30. Ke3 Ke7 31. a3 Kf6 32. Kf4 Kg6 33. b4 Bc4 34. Ne4 Bd5 35. Nd6 Bc6 36. h4 h5 37. Nc4 1-0

[Event "Nittenau-ch op 15th"]
[Site "Nittenau"]
[Date "2015.09.18"]
[Round "1"]
[White "Weiherer, Johann"]
[Black "Hilburger, Johannes"]
[Result "0-1"]
[WhiteElo "1249"]
[BlackElo "1747"]
[PlyCount "60"]
[EventDate "2015.09.18"]
[EventType "swiss"]
[EventRounds "5"]
[EventCountry "GER"]
[SourceTitle "EXT 2017"]
[Source "ChessBase"]
[SourceDate "2016.10.25"]
[SourceVersion "1"]
[SourceVersionDate "2016.10.25"]
[SourceQuality "1"]

1. d4 Nf6 2. c4 g6 3. Nc3 d6 4. e4 Bg7 5. f3 0-0 6. Be3 Nbd7 7. Bd3 c5 8. Nge2 a6 9. Qd2 Qa5 10. Bh6 cxd4 11. Nxd4 Ne5 12. Be2 Bxh6 13. Qxh6 Qb4 14. Qd2 Nxc4 15. Bxc4 Qxc4 16. g4 Be6 17. h4 a5 18. e5 Nd7 19. Qe3 Nc5 20. h5 Qd3 21. Qxd3 Nxd3+ 22. Kd2 Nxb2 23. Rab1 Nc4+ 24. Kd3 Nxe5+ 25. Ke2 b5 26. hxg6 hxg6 27. g5 Rac8 28. Kd2 Rc4 29. Nde2 Bf5 30. Rh6 Bxb1 0-1

[Event "Oberpfalz-ch M2"]
[Site "Schwandorf"]
[Date "2015.03.31"]
[Round "8"]
[White "Hilburger, Johannes"]
[Black "Baumgaertner, Stephan"]
[Result "1-0"]
[WhiteElo "1776"]
[BlackElo "1697"]
[PlyCount "57"]
[EventDate "2015.03.28"]
[EventType "swiss"]
[EventRounds "8"]
[EventCountry "GER"]
[SourceTitle "EXT 2022"]
[Source "ChessBase"]
[SourceDate "2021.10.06"]
[SourceVersion "1"]
[SourceVersionDate "2021.10.06"]
[SourceQuality "1"]

1. e4 c5 2. d4 cxd4 3. c3 dxc3 4. Nxc3 Nc6 5. Nf3 e6 6. Bc4 Bb4 7. 0-0 Bxc3 8. bxc3 a6 9. Ba3 f6 10. e5 f5 11. h4 Nh6 12. Qe2 Qa5 13. Bd6 Nf7 14. Qd2 Nxd6 15. exd6 Ne5 16. Nxe5 Qxe5 17. Rfe1 Qf6 18. Rad1 Kf7 19. Qf4 Re8 20. Re5 Kf8 21. a4 h6 22. Rde1 g5 23. hxg5 hxg5 24. Qd4 Kg7 25. g4 Rh8 26. gxf5 b5 27. fxe6 dxe6 28. Rxg5+ Kf7 29. Rf5 1-0

[Event "Oberpfalz-ch M2"]
[Site "Schwandorf"]
[Date "2015.03.30"]
[Round "6"]
[White "Hilburger, Johannes"]
[Black "Bruell, Martin"]
[Result "1/2-1/2"]
[WhiteElo "1776"]
[BlackElo "1803"]
[PlyCount "37"]
[EventDate "2015.03.28"]
[EventType "swiss"]
[EventRounds "8"]
[EventCountry "GER"]
[SourceTitle "EXT 2022"]
[Source "ChessBase"]
[SourceDate "2021.10.06"]
[SourceVersion "1"]
[SourceVersionDate "2021.10.06"]
[SourceQuality "1"]

1. e4 c5 2. d4 cxd4 3. c3 d3 4. Bxd3 Nc6 5. Be3 d5 6. Nd2 Ne5 7. Bb5+ Bd7 8. Qe2 a6 9. Bxd7+ Qxd7 10. Ngf3 Nc6 11. Rd1 e6 12. exd5 Qxd5 13. Nc4 Qh5 14. Nb6 Rd8 15. Rxd8+ Nxd8 16. Qd2 Nf6 17. Bg5 Bc5 18. Bxf6 Bxb6 19. Bd4 1/2-1/2

[Event "Oberpfalz-ch M2"]
[Site "Roding"]
[Date "2010.03.29"]
[Round "5"]
[White "Hilburger, Johannes"]
[Black "Gocacenko, Alexandr"]
[Result "1-0"]
[WhiteElo "1698"]
[BlackElo "1583"]
[PlyCount "91"]
[EventDate "2010.03.27"]
[EventType "swiss"]
[EventRounds "8"]
[EventCountry "GER"]
[SourceTitle "EXT 2012"]
[Source "ChessBase"]
[SourceDate "2011.11.24"]
[SourceVersion "1"]
[SourceVersionDate "2011.11.24"]
[SourceQuality "1"]

1. e4 e5 2. Nf3 Nc6 3. Bb5 d6 4. d4 exd4 5. Nxd4 Bd7 6. 0-0 Nf6 7. Nc3 Be7 8. Be3 a6 9. Bd3 0-0 10. h3 Ne5 11. Be2 c6 12. f4 Ng6 13. g4 h6 14. Qe1 c5 15. Nf5 Bc6 16. Bf3 b5 17. e5 Bxf3 18. exf6 Bxf6 19. Rxf3 Re8 20. Qd2 Re6 21. Rd1 Qb6 22. Nd5 Qb7 23. Nxf6+ Rxf6 24. Qd5 Qb8 25. Bf2 Ra7 26. b4 Kh7 27. h4 Rc7 28. g5 Re6 29. Nxd6 Rd7 30. Bxc5 Nxh4 31. Rh3 Ng6 32. gxh6 Nxf4 33. Qf5+ Rg6+ 34. Kf1 Nxh3 35. Qxd7 Rxh6 36. Qf5+ Kg8 37. Qxf7+ Kh7 38. Qf5+ Kg8 39. Qd5+ Kh7 40. Qe4+ Rg6 41. Rd5 Nf4 42. Qxf4 Rf6 43. Rf5 Rh6 44. Qe4 Kh8 45. Nf7+ Kg8 46. Nxh6+ 1-0